000 00785nam a2200265Ia 4500
003 OSt
005 20220928125343.0
006 a|||||r|||| 00| 0
007 ta
008 220927b |||||||| |||| 00| 0 eng d
020 _c10018.5525
024 _a110701
037 _b3549, 12/01/2011, New India Book Agency
_cTextual
040 _aSDCL
_cSDCL
_beng
041 _2eng
_aeng
082 _aD:81, Q0
100 _aBirolini Alessandro
_9435333
245 0 _aReliability engineering
_b Theory and practice.
250 _a6
260 _aBerlin
_bSpringer
_c2010
300 _axvii,610p.
_ccm.
650 _aApplied Operation Research
942 _hD:81, Q0
_cTEXL
_2CC
999 _c782024
_d782024